[Event "Gibraltar Masters 18th"]
[Site "Caleta"]
[Date "2020.01.24"]
[Round "4"]
[White "Sunilduth Lyna, Narayanan"]
[Black "Kobo, Ori"]
[Result "1-0"]
[WhiteElo "2637"]
[BlackElo "2445"]
[Annotator "Sunilduth Lyna,Narayanan "]
[PlyCount "137"]
[EventDate "2020.01.21"]
[EventType "swiss"]
[EventRounds "10"]
[EventCountry "GGB"]
[SourceTitle "CBM 194 Extra"]
[Source "ChessBase"]
[SourceDate "2020.03.31"]
[SourceVersion "1"]
[SourceVersionDate "2020.03.31"]
[SourceQuality "1"]
[TimeControl "40/6000+30:20/3000+30:900+30"]

{[%evp 0,137,19,28,74,66,78,67,87,83,69,25,52,24,16,34,85,76,53,58,73,73,20,63,
36,50,66,23,56,81,89,89,33,19,11,18,18,26,24,34,29,34,29,17,53,74,83,53,65,65,
65,65,119,113,127,88,100,88,73,96,113,113,115,115,115,115,115,115,115,101,101,
101,113,105,94,76,98,84,86,93,94,72,94,92,92,34,73,61,64,66,66,66,88,64,64,64,
64,75,80,81,104,110,111,115,108,122,120,108,108,72,72,72,84,106,106,99,126,143,
188,161,188,144,144,149,286,210,444,304,300,354,505,475,505,507,962,992,992,
1002,1002,1002] This game was played in the 4th round of the Gibraltar Masters.
My opponent, though rated a mere 2445, is a grandmaster from Israel and had in
the previous round played a good game against my compatriot Karthikeyan Murali.
So I was a bit cautious not to underestimate him} 1. e4 {[%emt 0:00:00]} d6 {
[%emt 0:00:00]} 2. d4 {[%emt 0:00:00]} Nf6 {[%emt 0:00:00]} 3. Nc3 {[%emt 0:00:
15]} g6 {[%emt 0:00:49]} 4. Bf4 $5 {[%emt 0:00:10] An interesting setup which
is getting popular nowadays. The ideas are similar to that of 4.Be3.} Bg7 {
[%emt 0:02:23]} 5. Qd2 {[%emt 0:00:08]} c6 {[%emt 0:04:27]} 6. Bh6 {[%emt 0:00:
29]} Bxh6 {[%emt 0:00:25]} 7. Qxh6 {[%emt 0:00:08]} e5 {[%emt 0:00:22]} 8. Nf3
{[%emt 0:09:00]} Qe7 {[%emt 0:00:10]} 9. dxe5 $5 {[%emt 0:03:43] This positon
was somewhat fresh to me. There are many possible ways in which White could
continue, but to put a brake on my opponent's possible preparation I played
this move.} (9. Bc4 Nbd7 10. O-O b5 11. Bb3 exd4 12. Nxd4 Bb7) 9... dxe5 {
[%emt 0:00:10]} 10. Bc4 {[%emt 0:01:08]} b5 {[%emt 0:03:46]} 11. Bb3 {[%emt 0:
00:34]} Nbd7 {[%emt 0:00:27]} 12. a3 {[%emt 0:29:36]} (12. O-O Nc5 13. h3 a5
14. a3 Nh5 15. Ne2 f6 {Even though computers kind of slighty prefer White's
position I kind of seriously doubt it since Black is very solid.}) 12... Nc5 {
[%emt 0:18:44]} 13. Ba2 {[%emt 0:00:32]} Be6 $1 {[%emt 0:02:52] Of course
Black should exchange the dangerous white B pointing toward the weak f7 square}
14. Bxe6 {[%emt 0:10:21]} Nxe6 {[%emt 0:02:38]} 15. Nxe5 {[%emt 0:10:58]} Nd4 {
[%emt 0:02:43]} 16. O-O-O {[%emt 0:00:09]} (16. Nxc6 $5 {is an interesting
alternative undertaking some risks to exploit the bad position of Black's king
and the disconnected rooks, but objective Black is fine after a series of
accurate moves.} Nxc6 17. O-O-O Ne5 (17... Qe5 18. f4 Ng8 19. Qh4 Qc5 20. f5
Qe7 21. Qh3 $36 {[%csl Re8][%cal Gc3d5]}) 18. Rhe1 Nfg4 19. Qf4 O-O $1 {
The most logical move keeping the king in safety!} (19... Rc8 20. Rd5 $1 {
[%csl Re5,Rg4][%cal Gf2f3,Gh2h3]} Rxc3 (20... Rc5 21. f3 g5 22. Qf5 Nh6 23. Qh3
Rc6 24. Qh5 $16 {Black still has problems to solve}) 21. bxc3 Qxa3+ 22. Kd1 O-O
23. h3) 20. Nd5 Qh4 21. f3 (21. h3 Qxf2 22. hxg4 Qxf4+ 23. Nxf4 Nxg4) 21...
Qxh2 22. fxg4 Qxf4+ 23. Nxf4 Nxg4) 16... Qxe5 {[%emt 0:00:06]} 17. f4 {[%emt 0:
00:03]} Qc5 {[%emt 0:03:10]} 18. Qg5 {[%emt 0:01:57] Till here and some small
lines from here I calculated before playing Nxe5!?} Nxe4 $1 {[%emt 0:11:38]} (
18... Qxg5 19. fxg5 Nxc2 20. gxf6 Ne3 21. Rd6 Rc8 22. e5 Nc4 23. Rd4 O-O 24.
Re1 $14 Rfe8 (24... Rcd8 25. Rxd8 Rxd8 26. b3 Nxa3 27. e6 fxe6 28. Rxe6 Kf7 29.
Rxc6 Rd4 30. Ra6 b4 31. Rxa7+ Kxf6 32. Ra4 {[%csl Rb4][%cal Gc3a2]}) 25. e6 $1
Rxe6 26. Rxe6 fxe6 27. Rd7 Rf8 28. Ne4 {[%csl Gd7,Ge4,Gf6] and the white
pieces are better coordinated though it would be not clear if it will be
enough for a win. Still White will be pushing a bit!}) 19. Rhe1 {[%emt 0:02:06]
} (19. Rde1 {would have been more accurate in my opinion since it eliminates a
defence which was possible in the game continuation} O-O 20. Rxe4 Qxg5 21. fxg5
Rad8 22. Rhe1 $14 {with a risk free edge}) 19... Qxg5 {[%emt 0:05:30]} 20. fxg5
{[%emt 0:00:37]} Ne6 {[%emt 0:13:30]} 21. Nxe4 {[%emt 0:00:10] [#]} Ke7 $2 {
[%emt 0:00:16]} (21... Rd8 $1 {Exchanging one rook reduces White's pressure on
Black, which is very important since all White's possible ideas are connected
with keeping both the rooks.} 22. h4 Rxd1+ 23. Rxd1 h6 24. gxh6 Rxh6 25. Nd6+
Kf8 26. g3 a6 $11) (21... h6 $2 22. Nd6+ Ke7 23. Nxf7 Kxf7 24. Rd7+ Ke8 25. Rb7
$18) 22. Rd3 {[%emt 0:01:19]} Rad8 {[%emt 0:14:51]} 23. Rf3 $1 {[%emt 0:07:13]}
Rd5 {[%emt 0:05:34]} ({At least now Black should have tried to free the
position a bit rather than sitting and defending. That kind of strategy
basically backfires since White has too many ideas. But now the cost is that
of a pawn in order to free the position.} 23... h6 $1 24. h4 Rd5 25. Ref1 Rf5
$1 {Again the typical concept we saw including the exchange of one rook!} 26.
Rxf5 gxf5 27. Rxf5 hxg5 28. Nxg5 Nxg5 29. hxg5 Rh1+ 30. Kd2 Rh2 31. Rf2 Rh5 32.
Rf6 Rxg5 33. Rxc6 Rxg2+ 34. Kc3 f5 $11 {Clearly difficult to evaluate this
position for humans but still a better version than the game!}) 24. Ref1 {
[%emt 0:00:34]} Nd8 {[%emt 0:01:05]} 25. h4 {[%emt 0:02:12]} Rd4 {[%emt 0:08:
21]} ({Now} 25... h6 {is tactically possible too, but still leaves a lot of
positional weaknesses in Black's position.} 26. gxh6 f5 $1 (26... Rxh6 27. Nf6
{[%csl Rd5,Rh6][%cal Gf6g8]}) 27. Ng5 Rxh6 28. Re3+ Kd7 29. Nf3 $14) 26. Re3 {
[%emt 0:00:21]} Kf8 {[%emt 0:03:31]} 27. c3 {[%emt 0:05:52]} Rd7 {[%emt 0:00:
03]} 28. Nf6 {[%emt 0:01:34]} Re7 {[%emt 0:01:10]} 29. Rd3 {[%emt 0:01:44]} Kg7
{[%emt 0:01:16]} 30. h5 {[%emt 0:01:30]} gxh5 {[%emt 0:00:12]} 31. Nxh5+ {
[%emt 0:00:44]} Kg6 {[%emt 0:00:03]} 32. Nf4+ {[%emt 0:03:49]} Kg7 {[%emt 0:00:
01]} 33. Rd6 $1 {[%emt 0:00:02] This move I saw when I played 27.c3} Ne6 {
[%emt 0:01:29]} 34. Rxc6 {[%emt 0:03:46]} Nxf4 {[%emt 0:00:09]} 35. Rxf4 {
[%emt 0:00:05]} Rb8 {[%emt 0:03:27]} 36. Rd6 {[%emt 0:02:10]} Rbb7 {[%emt 0:01:
14]} 37. Rf5 {[%emt 0:02:05]} Re1+ {[%emt 0:01:09]} 38. Rd1 {[%emt 0:01:34]}
Re4 {[%emt 0:00:30]} 39. Rd4 {[%emt 0:00:13]} Re2 {[%emt 0:00:10]} 40. Rd2 {
[%emt 0:04:48] Just to make it to the 40th move in order to convert the
advantage in the most effective manner.} Re3 {[%emt 0:00:45]} 41. Rdd5 {
[%emt 0:06:23]} a6 {[%emt 0:05:20]} 42. Kc2 {[%emt 0:20:59]} Rg3 {[%emt 0:03:
22]} 43. Rf2 $16 {[%emt 0:01:33] Already Black's position was difficult to
defend but he should have restrained from playing his next move since it
breaks his structure completely} a5 $6 {[%emt 0:09:54]} 44. a4 {[%emt 0:01:58]}
bxa4 {[%emt 0:06:10]} 45. Rxa5 {[%emt 0:00:16]} Rg4 {[%emt 0:01:26]} 46. Ra6 {
[%emt 0:02:31]} Re7 {[%emt 0:08:06]} 47. Kb1 {[%emt 0:01:34][%cal Gb1a2,Ga2a3]}
Rd7 {[%emt 0:05:08]} 48. Ka2 {[%emt 0:00:23]} Re7 {[%emt 0:00:20]} 49. Rb6 {
[%emt 0:06:34]} (49. Ka3 Re1) 49... Rxg5 {[%emt 0:01:56]} 50. Ka3 {[%emt 0:01:
02]} Ra7 {[%emt 0:04:34]} 51. Rb4 {[%emt 0:00:16]} Rga5 {[%emt 0:01:38]} 52.
Rff4 {[%emt 0:02:42]} Rg5 {[%emt 0:00:06]} 53. Rxa4 {[%emt 0:03:09]} Rxa4+ {
[%emt 0:00:27]} 54. Rxa4 {[%emt 0:00:19]} Rxg2 {[%emt 0:00:11] Here I was
pretty much sure the endgame was winning for me} 55. b4 {[%emt 0:00:17]} Kf6 {
[%emt 0:07:26]} 56. b5 {[%emt 0:00:07]} Ke5 {[%emt 0:01:14]} 57. b6 {[%emt 0:
06:09]} Rg8 {[%emt 0:01:31]} 58. Kb4 {[%emt 0:00:31]} f5 {[%emt 0:00:20]} 59.
Kb5 {[%emt 0:00:51]} f4 {[%emt 0:00:31]} 60. b7 {[%emt 0:05:36]} f3 {[%emt 0:
00:24]} 61. Ra2 {[%emt 0:08:43]} Ke4 {[%emt 0:13:38]} 62. c4 {[%emt 0:00:34]}
Rg2 {[%emt 0:01:36]} 63. Ra1 $1 {[%emt 0:01:11] Good technique and much more
practical than trying to assess whether} (63. b8=Q Rxa2 {is also winning.})
63... Rb2+ {[%emt 0:00:57]} 64. Kc6 {[%emt 0:00:13]} f2 {[%emt 0:01:02]} 65.
Kc7 {[%emt 0:00:47]} h5 {[%emt 0:00:35]} 66. c5 {[%emt 0:01:03]} Kf3 {[%emt 0:
00:23]} 67. b8=Q {[%emt 0:00:53]} Rxb8 {[%emt 0:00:04]} 68. Kxb8 {[%emt 0:00:
04]} Kg2 {[%emt 0:00:15]} 69. c6 {[%emt 0:00:17]} 1-0

[Event "Haifa"]
[Site "Haifa"]
[Date "1995.??.??"]
[Round "6"]
[White "Svidler, Peter"]
[Black "Smirin, Ilia"]
[Result "1-0"]
[WhiteElo "2585"]
[BlackElo "2630"]
[Annotator "Svidler,P"]
[PlyCount "78"]
[EventDate "1995.01.??"]
[EventType "tourn"]
[EventRounds "11"]
[EventCountry "ISR"]
[EventCategory "14"]
[SourceTitle "CBM 046"]
[Source "ChessBase"]
[SourceDate "1995.06.01"]
[SourceVersion "1"]
[SourceVersionDate "1995.06.01"]
[SourceQuality "1"]

1. e4 {Stohl} d6 2. d4 Nf6 3. Nc3 g6 4. Bg5 h6 $5 (4... c6 {Stohl} 5. Qd2 b5 6.
Bd3 Nbd7 7. f4 Bg7 8. Nf3 O-O 9. O-O b4 10. Nd1 a5 11. Nf2 Qc7 12. c3 bxc3 13.
bxc3 Nb6 14. Rac1 d5 15. e5 Ng4 16. Nxg4 Bxg4 17. f5 $1 gxf5 18. Nh4 f6 19.
exf6 exf6 20. Bf4 $16 {Mestel,J-Dzindzichashvili,R/Reykjavik tt/1990/}) (4...
Bg7 {Stohl} 5. e5 dxe5 6. dxe5 Ng4 7. Qxd8+ Kxd8 8. Nf3 Nc6 9. Rd1+ Bd7 10. e6
Bxc3+ 11. bxc3 fxe6 12. Bc4 Ke8 13. O-O Nge5 14. Nxe5 Nxe5 15. Bb3 Rf8 16. Rfe1
Rf5 17. Bh4 Nc6 18. Bg3 Rc5 19. Bxc7 Rxc3 20. Re4 Rc8 21. Bf4 $44 {Oral,
T-Jansa,V/TCH-ch/1994/}) 5. Be3 a6 (5... Bg7 6. f3 c6 7. Qd2 b5 8. Nge2 Nbd7 9.
Rd1 Bb7 10. Nc1 Qc7 11. Be2 h5 12. O-O O-O $14 {Filipenko,A-Makariev,I/RUS-ch/
1992/1:0/48/}) (5... Ng4 {Stohl} 6. Bf4 e5 7. dxe5 Nxe5 8. Bxe5 dxe5 9. Qxd8+
Kxd8 10. O-O-O+ Nd7 11. Bc4 Rh7 12. Nge2 c6 13. Rhf1 Bc5 14. f4 exf4 15. Nxf4
Ke7 16. e5 Be3+ 17. Kb1 Bxf4 18. Rxf4 Nxe5 19. Re1 f6 20. Ne4 Bf5 21. Ng3 Be6
$17 {Krasnov,S-Gavrilov,A/Moscow-ch/1994/}) 6. f3 (6. a4 $5) 6... b5 7. Qd2
Nbd7 {/\ 8..c5} 8. a4 (8. g4 {Stohl} Nb6 9. h4 h5 $5 10. g5 Nfd7 $13) (8. Nh3 {
Stohl} c5 $132) 8... b4 9. Nd1 Rb8 (9... a5 {Stohl} 10. Bb5 Bb7 11. Ne2 Bg7 12.
O-O $14) (9... c5 {Stohl} 10. dxc5 dxc5 11. Nh3 $14) 10. Nf2 $5 {/\ 11.f4} (10.
c3 c5 11. Bd3 $14) 10... c5 $1 11. dxc5 Nxc5 $1 (11... dxc5 12. f4 $1 (12. Nd3
{Stohl} Qc7 13. Nh3 $14) 12... Bb7 13. e5 Nd5 14. a5 $1 {>< Nd7} Bg7 15. Nf3 g5
16. Bc4 Nxe3 17. Qxe3 Bxf3 18. Qxf3 gxf4 19. e6 $1 Ne5 $1 20. exf7+ Kf8 21.
Qxf4 Nxc4 22. Qxc4 Bxb2 23. Rd1 $132) 12. e5 Nfd7 13. exd6 Bg7 $1 (13... exd6
14. Bd4 $16 (14. Bc4 $36 {Stohl})) 14. Bd4 (14. dxe7 $2 {Stohl} Qxe7 $17) 14...
Bxd4 (14... e5 {Stohl} 15. Be3 e4 16. Bd4 $16) 15. Qxd4 O-O 16. Ne2 $1 exd6 (
16... Rb6 $6 17. a5 $1 Rxd6 18. Qxb4 $16) 17. Ng3 (17. Qxd6 $6 {Stohl} b3 18.
c3 Re8 $36 {@}) 17... d5 $1 {>< Nf2,Ng3} (17... Re8+ {Stohl} 18. Be2 Qf6 $10 (
18... h5 $5 $13)) 18. Be2 (18. Qxd5 Qf6 $1 $40) 18... Ne6 19. Qd2 (19. Qxd5 Nf4
$17) 19... Qg5 (19... Qf6 $5 $13 {Stohl}) 20. Qxg5 hxg5 21. h4 $2 (21. b3 $1
$10) 21... b3 $1 (21... gxh4 {Stohl} 22. Rxh4 $10) 22. c3 d4 $1 23. Nd1 $8 (23.
Nge4 f5 $1 24. Bc4 Nb6 25. Bxe6+ Bxe6 26. Nxg5 dxc3 27. Nxe6 Rfe8 $19) 23... g4
$1 (23... dxc3 {Stohl} 24. Nxc3 Nd4 25. O-O-O $14) (23... Ndc5 $5 {Stohl} 24.
hxg5 d3 25. Bf1 $13) 24. fxg4 Ne5 $17 25. g5 Kg7 $6 (25... Rd8 $17) (25... d3 {
Stohl} 26. Bf3 $14) 26. cxd4 Nxd4 27. O-O Nc2 (27... Nxe2+ 28. Nxe2 Nd3 $15 {
><b2}) 28. Rc1 Rb4 29. h5 $1 Rxa4 (29... gxh5 $5 {Stohl} 30. Nxh5+ Kg6 31. Nc3
Kxg5 32. Nf6 $14 {עg5}) 30. Nc3 Rd4 31. h6+ Kh8 (31... Kg8 $5) 32. Rf6 a5 (
32... Be6 33. Bxa6) 33. Bd1 $1 Ng4 $6 (33... Nd3 34. Bxc2 Nxc1 35. Bxg6 $1 Rg8
36. Bxf7 Rxg5 37. Bg6 Rd8 38. Nge4 $40) (33... Ne3 34. Bxb3 Rd2 (34... Rb4 $132
{Stohl}) 35. Rf2 $5 Rxf2 36. Kxf2 Nd3+ 37. Kxe3 Nxc1 38. Bc2 $10) (33... Bb7 $1
34. Bxc2 bxc2 35. Rxc2 Rg4 $15) 34. Rb6 Re8 $2 (34... Nge3 35. Rxb3 Rd2 36.
Rxc2 $1 Nxc2 37. Nge4 $16) (34... Rb4 35. Rxb4 axb4 36. Nce4 Nge3 37. Nc5 Be6
38. Bf3 $13) (34... a4 {Stohl} 35. Bxc2 bxc2 36. Rxc2 $16) 35. Bxg4 Rxg4 (35...
Bxg4 {Stohl} 36. Rxb3 $16) 36. Nce4 $1 $18 Rgxe4 (36... Nd4 37. Rb8 Rgxe4 38.
Rcxc8 $1 (38. Nxe4 $6 Ne2+) 38... Re1+ 39. Kf2 $1 $18) 37. Nxe4 Rxe4 38. Rxb3
Rc4 (38... Bf5 39. Rxc2 Re1+ 40. Kf2 Bxc2 41. Rb8+ $18) (38... Re2 {Stohl} 39.
Rb8) 39. Rb8 Nd4 $22 (39... a4 40. Rf1 $1 Rc7 (40... Kg8 41. h7+ $18) 41. Rd1
$18) (39... Kh7 40. Rd1 Nd4 41. b3 $1 Bg4 (41... Ne2+ 42. Kf2 Rc2 43. Rd8 $18)
(41... Nxb3 {Stohl} 42. Rxb3 Rc5 43. Rd8 $18) 42. bxc4 (42. Rd2 $6 {Stohl} Rc1+
43. Kh2 Ne6 $13) 42... Bxd1 43. Rd8 Ne2+ 44. Kf2 Nc3 45. Rd3 Ne4+ 46. Ke3 Bc2
47. Kxe4 a4 48. Kd4 $18) (39... Nd4 40. Rxc4 $18) (39... Rc7 {Stohl} 40. Rd1
$18) 1-0

[Event "St Petersburg op2"]
[Site "St Petersburg"]
[Date "1994.??.??"]
[Round "2"]
[White "Fedorov, Alexei"]
[Black "Korotylev, Alexey"]
[Result "1/2-1/2"]
[WhiteElo "2500"]
[BlackElo "2430"]
[Annotator "Svidler,P"]
[PlyCount "54"]
[EventDate "1994.10.??"]
[EventType "swiss"]
[EventRounds "9"]
[EventCountry "RUS"]
[SourceTitle "CBM 043 Extra"]
[Source "ChessBase"]
[SourceDate "1995.01.01"]
[SourceVersion "1"]
[SourceVersionDate "1995.01.01"]
[SourceQuality "1"]

1. e4 d6 2. d4 Nf6 3. Bd3 e5 4. c3 d5 5. dxe5 Nxe4 6. Nf3 Nc6 7. Nbd2 Nc5 8.
Bb5 $5 (8. Bc2 Bg4 9. O-O Be7 10. Re1 d4 11. h3 Bh5 12. Ne4 d3 13. Nxc5 dxc2
14. Qxd8+ Rxd8 15. Nxb7 Rd1 16. Be3 Bxf3 17. gxf3 Rxe1+ 18. Rxe1 Kd7 $17 {
Rausis,I-Khalifman,A/Eupen Act/1994/0:1/43/}) (8. Nb3 Nxd3+ 9. Qxd3 Be7 10. O-O
O-O 11. Nbd4 $13 {Landa,K-Onoprienko,V/Skoda(op)/1994/0,5/67/}) 8... Bd7 9. Qe2
(9. O-O Nxe5 10. Nxe5 Bxb5) 9... a6 10. Bxc6 Bxc6 11. Nd4 Bd7 12. O-O Ne6 13.
Rd1 (13. a4 c5 14. Nxe6 Bxe6 15. f4 Qd7 16. c4 Bf5 17. Ra3 d4 18. Ne4 $13 {
Smirin,I-Chernin,A/Groningen(PCA)/1993/0,5/58/}) 13... c5 14. Nxe6 Bxe6 15. c4
d4 (15... Be7 16. Ne4 d4 {- 15...d4}) 16. Ne4 Be7 17. a4 (17. b4 $5 cxb4 (17...
b6 18. bxc5 bxc5 $13) 18. Bb2 O-O 19. Rxd4 Qc7 20. Nd6 $13) 17... Qc7 18. Bf4 (
18. f4 Qc6 19. b3 h5 $15) 18... Qc6 19. Nd6+ (19. b3 O-O $15) 19... Bxd6 20.
exd6 a5 $1 $10 21. Ra3 Kd7 22. Rb3 (22. Rg3 Rhg8 (22... Qxa4 23. b3 $1 Qa3 24.
Rxg7 Qxb3 $2 25. Rxf7+ $1 $18) 23. b3 f6 24. Rgd3 $10) 22... Rhe8 23. Qd3 b6
24. Rb5 g6 25. f3 h5 26. Qb3 Rab8 27. Re1 f6 1/2-1/2

[Event "St Petersburg op2"]
[Site "St Petersburg"]
[Date "1994.??.??"]
[Round "4"]
[White "Fedorov, Alexei"]
[Black "Gubanov, Anton"]
[Result "1/2-1/2"]
[WhiteElo "2500"]
[BlackElo "2380"]
[Annotator "Svidler,P"]
[PlyCount "128"]
[EventDate "1994.10.??"]
[EventType "swiss"]
[EventRounds "9"]
[EventCountry "RUS"]
[SourceTitle "CBM 043 Extra"]
[Source "ChessBase"]
[SourceDate "1995.01.01"]
[SourceVersion "1"]
[SourceVersionDate "1995.01.01"]
[SourceQuality "1"]

1. e4 d6 2. d4 Nf6 3. Bd3 e5 4. c3 d5 5. dxe5 Nxe4 6. Nf3 Nc6 7. Nbd2 Nc5 8.
Bb5 Bd7 9. Qe2 Ne6 $6 (9... Be7 10. Bxc6 Bxc6 11. Nd4 Bd7 12. O-O Ne6 {Fedorov,
A-Korotylev,A/St-Peterburg/1994/0,5/27/}) 10. Nb3 Be7 11. Be3 a6 (11... O-O 12.
O-O-O a6 13. Bd3 $16) 12. Bd3 Ng5 (12... O-O 13. O-O-O $16) 13. Nxg5 Bxg5 14.
f4 Bh4+ 15. g3 Be7 16. O-O-O $16 Qc8 (16... O-O 17. Bc2 $16) 17. Qg2 Be6 18. h3
(18. g4 Bxg4 19. Rdg1 h5 20. h3 Bf5 21. Qxg7 Rf8 $13) 18... f6 19. exf6 Bxf6
20. Bc5 $6 (20. Qc2 $1 Ne7 (20... g6 21. Bxg6+ $1 hxg6 22. Qxg6+ Ke7 23. Bc5+
$18) (20... Bxh3 21. Rde1 $18) (20... h6 21. Bc5 Qd7 (21... b6 22. Bg6+ Kd8 23.
Rhe1 $1 bxc5 24. Nxc5 $18) 22. Bg6+ $18) 21. g4 $16) 20... Qd7 21. f5 $6 (21.
Ba3 b6 (21... O-O-O 22. Nc5 Qf7 23. Bxa6 $1 $16) (21... d4 22. Nc5 Qd5 23. Be4
Qxa2 24. Bxc6+ bxc6 25. Nxe6 dxc3 26. Nxc7+ Kf7 27. Rd7+ Kg6 28. g4 $18) 22.
Rde1 O-O-O $8 (22... Kf7 23. g4 $16) 23. Bxa6+ Kb8 24. Bb5 $16) 21... Bxf5 22.
Rhe1+ (22. Bxf5 Bg5+ $1 23. Nd2 Qxf5 24. Rde1+ Kd8 (24... Ne7 25. Rxe7+ Bxe7
26. Re1 $16) 25. Rhf1 Qd7 $44) 22... Kf7 23. Bxf5 Qxf5 24. Rxd5 $2 (24. g4 $1
Qf4+ (24... Bg5+ 25. Be3 Bxe3+ 26. Rxe3 Qg5 27. Qf3+ $18) 25. Rd2 Rhd8 26. Rf1
Qg5 27. h4 Qg6 28. g5 $16) 24... Qc8 25. g4 Re8 26. Rf1 Kg8 27. g5 Be7 28. g6 (
28. Bxe7 Nxe7 (28... Rxe7 29. Nc5 $14) 29. Re5 Nc6 $10) 28... h6 29. Rdf5 Qe6
30. Bxe7 Nxe7 31. R5f3 Rad8 (31... Nxg6 $2 32. Rg3 Kh7 33. Rg1 Nf4 34. Rxg7+
Kh8 35. Rh7+ Kxh7 36. Qg7#) (31... Qxg6 32. Rg3 Qh7 33. Nd4 $40) 32. h4 (32.
Nd4 Qxa2 33. Rf7 c5 $1 $132) 32... h5 33. Nd4 Qxa2 34. Qg5 (34. Rf7 c5 (34...
Qd5 35. Qxd5 Rxd5 (35... Nxd5 36. Nf5 $18) 36. Ne6 Rf5 (36... Nf5 37. Nxc7) (
36... Nxg6 37. Rxg7+) 37. Rxg7+ Kh8 38. Rh7+ Kg8 39. Rxf5 Nxf5 40. Nxc7 Re7 41.
Rxh5 Nxh4 42. Nd5 Re1+ 43. Kd2 Nf3+ 44. Kc2 $16) 35. Qg5 cxd4 36. Qxh5 Nxg6 37.
Qxg6 Qa1+ $17) 34... Qd5 35. Qxd5+ $2 (35. Nf5 Nxf5 36. Rxf5 Qd3 37. Qxh5 Qe3+
38. Kb1 Qe4+ 39. Kc1 Qe3+ 40. Kb1 Qe4+ 41. Ka1 Qa4+ 42. Kb1 Qe4+ $10) 35...
Nxd5 36. Rf7 Rd6 $17 37. R1f5 $6 Rxg6 38. Rd7 $2 Rg2 $2 (38... Rg1+ 39. Kc2 (
39. Kd2 Rg2+ 40. Kd3 Re3+ 41. Kc4 Nb6+ $19) 39... Ne3+ $19) 39. Nf3 Ne3 (39...
Nf6 40. Rxc7 $44) 40. Rxh5 Nc4 (40... Rf8 41. Rg5 $1 Rc2+ 42. Kb1 Rxf3 43.
Rgxg7+ Kf8 44. Rh7 $10) 41. Rg5 $1 (41. Rxc7 Nxb2 42. Rg5 Nd3+ 43. Kd1 Rxg5 44.
Nxg5 b5 45. Kc2 Ne1+ 46. Kb3 Ng2 47. Ra7 Nxh4 48. Rxa6 g6 49. Ne6 $10) 41...
Rxg5 42. Nxg5 b5 43. Rxc7 $14 g6 44. b3 Na5 $6 (44... Ne5 $5 45. Ra7 (45. Kc2
$5) 45... Rc8 (45... Nd3+ 46. Kc2 Nc5 47. b4 $16) 46. Kd2 Rc6 $14) 45. Kb2 $16
{פa5} Rb8 46. Ne6 (46. Ka3 Rb6 47. Kb4 Nb7) 46... Rb7 (46... Rb6 $142 47. Rg7+
Kh8 48. Rxg6 Nb7 $14) 47. Ka3 Rb6 (47... Rxc7 48. Nxc7 Kh7 49. Nxa6 Nc6 50. Nc7
b4+ 51. cxb4 Kh6 52. b5 Nb8 53. Kb4 Kh5 54. Kc5 Kxh4 55. Kd6 g5 56. Nd5 $18)
48. Rg7+ Kh8 49. Rxg6 Nb7 50. Nf4 $2 (50. h5 $14) 50... Rxg6 51. Nxg6+ Kg7 52.
Ne5 a5 $1 (52... Kh6 53. Kb4 Kh5 54. Nd7 Kxh4 55. Nc5 $18) 53. Nc6 (53. c4 bxc4
54. Nxc4 (54. bxc4 Nc5 $10) 54... Kh6 $10) 53... a4 54. bxa4 bxa4 55. Kxa4 Kg6
$10 56. Nd4 (56. Kb5 Kh5 57. Ne5 Nd6+ $8 (57... Kxh4 58. Nf7 $1 $18) 58. Kc6
Ne4 59. c4 Kxh4 60. Kd5 Nc3+ 61. Kd4 Na4 $10) 56... Kh5 57. Nf3 Nd6 58. Kb4 Kg4
59. Kc5 Ne4+ 60. Kd4 Kxf3 61. c4 Kf4 62. h5 (62. Kd5 Nc3+ 63. Ke6 Na4 $10)
62... Nf6 63. h6 (63. c5 Kg5 64. c6 Ne8 $10) 63... Kf5 64. c5 Kg6 1/2-1/2

[Event "Wch U18"]
[Site "Szeged"]
[Date "1994.??.??"]
[Round "9"]
[White "Waitzkin, Joshua"]
[Black "Svidler, Peter"]
[Result "0-1"]
[WhiteElo "2415"]
[BlackElo "2550"]
[Annotator "Svidler,P"]
[PlyCount "104"]
[EventDate "1994.??.??"]
[EventType "swiss"]
[EventRounds "9"]
[EventCountry "HUN"]
[SourceTitle "CBM 042"]
[Source "ChessBase"]
[SourceDate "1994.10.01"]
[SourceVersion "1"]
[SourceVersionDate "1994.10.01"]
[SourceQuality "1"]

1. e4 d6 2. d4 Nf6 3. Bd3 g6 4. Nf3 Bg7 5. c3 O-O 6. O-O Nbd7 7. Nbd2 e5 8.
dxe5 dxe5 9. b4 Re8 10. Nc4 Nh5 11. Re1 Nb6 12. Na5 Nf4 13. Bf1 Qf6 14. Be3 $6
(14. Nd2 $14) 14... Bg4 $1 15. Nxb7 Rab8 16. Nc5 (16. Ba6 Nxg2 $1 (16... Rbd8
$5 17. Nxd8 Rxd8 18. Qc1 Nxg2 19. Bg5 Qxf3 20. Be2 Nxe1 21. Bxf3 Nxf3+ 22. Kg2
Rd7 23. h3 Nxg5 24. Qxg5 Be6 $15) 17. Kxg2 Na4 $1 18. Qxa4 (18. Bg5 Qxa6 $17) (
18. b5 Nxc3 19. Bg5 Bxf3+ $17) 18... Qxf3+ 19. Kg1 Bh3 20. Bf1 Qg4+ 21. Kh1
Bxf1 22. Rxf1 Qxe4+ 23. Kg1 Qxb7 $17) 16... Rbd8 17. Qc2 (17. Nd3 Nc4 18. Bxf4
(18. Rb1 Nxe3 19. fxe3 Nh3+ 20. Kh1 Rxd3) 18... exf4 19. Qb3 Qxc3 20. Rac1 Qxb3
21. axb3 Nd6 22. Rxc7 Bxf3 23. gxf3 Nb5 24. Rb7 Nd4 $13) (17. Qc1 $142 Bxf3 18.
gxf3 Qg5+ 19. Kh1 Qh5 20. Bg2 $44) 17... Nxg2 18. Bxg2 (18. Bg5 Nxe1 19. Rxe1
Qc6 $17 (19... Qxf3 20. Bg2 Qd1 21. Rxd1 Rxd1+ 22. Bf1 Bf3 $17)) 18... Bxf3 19.
Bxf3 Qxf3 20. Qe2 Qh3 21. Rad1 Bf8 $1 22. Nb7 Rb8 23. Na5 $2 (23. Nc5 Rbd8 $10)
23... Na4 $1 $17 24. Qc2 (24. Rd3 Nxc3 25. Rxc3 Bxb4 26. Rd3 Bxe1 (26... Bxa5
27. Bd2 $16) 27. Qxe1 (27. Bxa7 Rb2 $1 $19) 27... Qg4+ 28. Kf1 Qxe4 $19) (24.
Bd2 $8 Rbd8 $17 (24... Nxc3 25. Bxc3 Qxc3 26. Rd3 $1 Qxb4 27. Nc6 $15)) 24...
Qg4+ 25. Kf1 $8 (25. Kh1 Nxc3 26. Qxc3 Bxb4 27. Qxc7 Qxe4+ 28. Kg1 Rec8 29.
Qxa7 Ra8 30. Qb7 Qg4+ $19) 25... Qh3+ 26. Kg1 Nxc3 27. Qxc3 (27. Rd3 Nxe4 28.
Nc6 $17) 27... Bxb4 28. Qxc7 Rbc8 $1 $19 29. Qb7 $8 (29. Qxa7 Ra8 30. Qd7 (30.
Qb7 Bxe1 $19) 30... Qxd7 31. Rxd7 Bxe1 32. Nc4 Bb4 $19) 29... Bxa5 30. Rf1 Qg4+
31. Kh1 Qf3+ 32. Kg1 Rc4 $1 33. Qb5 (33. Qd7 Rf8 34. Bh6 Rxe4 35. h3 Rh4 36.
Bxf8 Rxh3 $19) 33... Rec8 $1 (33... Rxe4 34. Qxe8+ Kg7 35. Rfe1 $13) 34. Qxa5
Qg4+ 35. Kh1 Qxe4+ 36. f3 Qxe3 37. Rde1 Qf4 38. Qxe5 Qxe5 39. Rxe5 Rc2 40. Ra5
Rb8 41. Rxa7 Rbb2 42. Ra1 Rxh2+ 43. Kg1 h5 44. Ra4 Rbg2+ 45. Kf1 Rg3 46. Rf4
Rxf3+ 47. Rxf3 Rh1+ 48. Ke2 Rxa1 49. a3 Ra2+ 50. Kd1 Kg7 51. Kc1 g5 52. Kb1 g4
0-1